Romanciers du vingtiéme siécle (Registro nro. 5381)

Detalles MARC
000 -ENCABEZADO
Número de control [NR] 00682nam a2200205Ia 4500
005 - FECHA Y HORA DE LA ÚLTIMA TRANSACCIÓN
control field 20211108100433.0
008 - DE LONGITUD FIJA DE DATOS DE ELEMENTOS - INFORMACIÓN GENERAL
Elementos de longitud fija [NR] 130821s1970 xxu fr fre d
040 ## - FUENTE DE CATALOGACION [NR]
Agencia de catalogación original [NR] Co-BoUCM
Idioma de catalogación [NR] spa
Quien Cataloga Saul Niño (Modificó)
Quien Clasifica [Nuevo]
041 0# - CODIGO DE IDIOMA [R]
Código de idioma para texto/pista de sonido o título separado [R] Francés
100 10 - ASIENTO PRINCIPAL--NOMBRE PERSONAL [NR]
Nombre personal [NR] Sareil, Jean
ID Autoridad 84541
245 10 - MENCION DE TITULO [NR]
Título [NR] Romanciers du vingtiéme siécle
Mención de responsabilidad, etc. [NR] Jean Sreil
260 ## - PUBLICACION, DISTRIBUCION, ETC. (PIE DE IMPRENTA) [R]
Lugar de publicación, distribución, etc. [R] Nueva York (Estados Unidos)
Nombre del editor, distribuidor, etc. [R] Holt, Rine Hart and Winston
Fecha de publicación, distribución, etc. [R] 1970
300 ## - DESCRIPCION FISICA [R]
Extensión [R] 204 páginas
650 04 - ASIENTO SECUNDARIO DE MATERIA - TERMINO TEMATICO [R]
Término temático o nombre geográfico como elemento de entrada [NR] Literatura francesa
9 (RLIN) 7794
650 #7 - ASIENTO SECUNDARIO DE MATERIA - TERMINO TEMATICO [R]
Término temático o nombre geográfico como elemento de entrada [NR] Literatos
9 (RLIN) 18593
650 #7 - ASIENTO SECUNDARIO DE MATERIA - TERMINO TEMATICO [R]
Término temático o nombre geográfico como elemento de entrada [NR] Novelistas
9 (RLIN) 20585
Subdivisión cronológica [R] Siglo XX
690 #0 - ASUNTO AGREGADO LOCAL DE ENTRADA - TÉRMINO TEMÁTICO (OCLC, RLIN)
Acceso temático local Literatura europea
9 (RLIN) 26524
942 ## - ELEMENTOS DE ENTRADA AGREGADOS (KOHA)
Tipo de ítem principal el descrito en 300a Libro
Tema principal Literatura
Edición 1
Parte restante de la signatura top. S17
Sistema de clasificación DEWEY
Clasificación 840.9
Existencias
Signatura topográfica Código de barras Última vez visto Ejemplar Price effective from Tipo de ítem Perdido Sistema de clasificación Dañado No prestable Tipo de ítem específico Suprimido Ubicación habitual Ubicación actual Localización Fecha de creación Forma de adquisición Costo
840.9 S17 100011510 09/12/2025 Ej.1 03/02/2013 Libro   DEWEY     Libro   Claustro Claustro 2do piso 28/02/2003 Compra 600.00